000
00285nam a22001217a 4500
008
170527b xxu||||| |||| 00| 0 eng d
041
_a
eng
080
_a
621.3
100
_a
25
101
_a
IM
245
_a
THE TTL DATA BOOK FOR DESIGN ENGINEERS
_c
TEXAS INTRUMENTS
942
_2
udc
_c
BK
999
_c
14656
_d
14656